000 00300nam a22001337a 4500
003 SGT
082 _a342
_bANA
100 _aANAND A S
245 _aTHE CONSTITUTION OF JAMMU & KASHMIR
250 _a3RD
260 _aNEW DELHI
_bUNIVERSAL LAW PUBLISHING
_c2000
300 _a562
942 _2ddc
_cBK
999 _c26704
_d26704